Konvensyen KMK 1992 (INTAN) [

Bibliographic Details
Other Authors: INTAN
Format: Book
Language:Malay
Published: Bangi : Institut Penilaian Negara , n.d

MARC

LEADER 00000cam a2200000 7i4500
001 0000004818
005 20090719.0
008 090719 my v may
040 |a INS 
090 0 0 |a 485 
245 0 0 |a Konvensyen KMK 1992 (INTAN) [  |h cakera video] 
260 |a Bangi :   |b Institut Penilaian Negara ,   |c n.d 
300 |a 1 cakera video :   |b bny., wrn. ;   |c 4 3/4 in. 
500 |a Juga terdapat dalam format VHS 485 
500 |a Kumpulan a) Spanar (Pahang, b. Saga (Kedah), c.Reflisia(Sabah, d. Zuhal (Penang) dan e. Panglima (Kejora) 
700 1 |a INTAN 
999 |a VCD0001543   |b DIGITAL VIDEO CD   |c Media Collection   |e Default branch